000 00499nam a2200181Ia 4500
008 240925s9999 xx 000 0 und d
020 _a9780763779665
082 _a510 ZIL
100 _aZill ,Dennis G.
245 0 _aAdvanced Engineering Mathematics
250 _a4th
260 _aMassachusetts:
_bJones and Bartlett Publisher
_c,2011.
300 _aVarious pages
_bNA
_fOriginal
500 _aIncludes Index
600 _aHumanities & Natural Science
650 _aMathematics
942 _cBK
999 _c11137
_d11137